|
|
|
|
| LEADER |
00000nab#a22000007a#4500 |
| 001 |
arbauad030851 |
| 003 |
AR-BaUAD |
| 005 |
20250711112518.0 |
| 008 |
980424|||||||||###||||||b###|0###a|spa|| |
| 040 |
|
|
|a AR-BaUAD
|c AR-BaUAD
|b spa
|
| 245 |
1 |
0 |
|a Oggetti post tecnologici
|
| 300 |
0 |
|
|b fot.
|
| 653 |
|
|
|a SUSANI, MARCO
|
| 653 |
|
|
|a TRIMARCHI, MARIO
|
| 653 |
|
|
|a ELECTRODOMESTICOS
|
| 653 |
|
|
|a ROBOTS
|
| 653 |
|
|
|a PHILIPS
|
| 653 |
|
|
|a JUGUERAS
|
| 653 |
|
|
|a VAPORIERAS
|
| 653 |
|
|
|a HORNOS MICROONDAS
|
| 653 |
|
|
|a UTENSILIOS
|
| 653 |
|
|
|a PROYECTOS
|
| 773 |
0 |
|
|t DOMUS
|g Nº797 [oct. 1997], p. 76-85
|
| 942 |
|
|
|c ARTI
|
| 952 |
|
|
|0 0
|1 0
|4 0
|7 0
|9 75770
|a AR-BAuAD
|b AR-BAuAD
|d 2025-07-11
|l 0
|p AAQA030851
|r 2025-07-11 11:25:18
|w 2025-07-11
|y ARTI
|
| 990 |
|
|
|a DI199
|b TD
|
| 998 |
|
|
|a AAQ
|b BIBUN76
|
| 999 |
|
|
|c 55443
|d 55443
|